Statistics for Cities in the Americas Named After Cities in Spain

Click here to take the quiz!

General Stats

  • This quiz has been taken 26 times
  • The average score is 8 of 15

Answers on the Map

Answers color-coded by a green-red scale on the quiz's map according to % correct below.
 

Answer Stats

Answer% Correct
Toledo
79%
Barcelona
75%
Valencia
75%
Córdoba
67%
Granada
63%
Medellín
63%
Albuquerque
58%
Guadalajara
58%
Cartagena de Indias
54%
Mérida
54%
León
46%
Trujillo
29%
Cuenca
25%
Nueva Gerona
13%
La Serena
8%

Score Distribution

Percentile by Number Answered

Percent of People with Each Score

Your Score History

You have not taken this quiz